000 00752cam a22002533 4500
999 _c8780
_d8780
001 8780
003 BD-JhCC
005 20180303202628.0
008 020923s1955 enka 000 0 eng
035 _a(BD-JhCC)8780
040 _aDLC
_cDLC
_dDLC
_dBD-JhCC
041 1 _aeng
_hfre
050 0 0 _aQC21
_b.B8413 1955
082 _bBRO 1955
100 1 _aBroglie, Louis de,
_d1892-1987.
240 1 0 _aPhysique et microphysique.
245 1 0 _aPhysics and microphysics.
_cTranslated by Martin Davidson. With a foreword by A. Einstein.
260 _aLondon,
_bHutchinson's Scientific and Technical Publications
_c[1955]
300 _a286 p.
_billus.
_c22 cm.
650 0 _aPhysics.
650 0 _aPhysics
_xPhilosophy.
942 _2ddc
_cBK